000 03194cam a22012014i 4500
003 PE-LiUPU
005 20250813185642.0
008 150616s r 000 0 d
020 _a8445500538
035 _a(Sirsi) i9788445500538
040 _aPE-LiUPU
_bspa
_cPE-LiUPU
_erda
049 _aPRUA
082 0 4 _a301.74
_bD96
_221
100 1 _aDrucker, Peter F.,
_eautor.
245 1 3 _aLa Sociedad Poscapitalista.
264 1 _aBarcelona :
_bApóstrofe,
_c1993.
300 _a224 páginas ;
_c22 centímetros
336 _atext
_2rdacontent
337 _aunmediated
_2rdamedia
338 _avolume
_2rdacarrier
490 0 _aClásicos de Management. Apóstrofe
505 0 _aDesde el capitalismo a la sociedad del saber -- La sociedad de las organizaciones -- Mano de obra, capital y su futuro -- La productividad de las nuevas fuerzas del trabajo -- La organización basada en la responsabilidad -- Del estado-nación al megaestado -- Transnacionalismo, regionalismo, tribalismo -- El necesario cambio de giro gubernamental -- A la ciudadanía por el sector social -- El saber: su economía, su productividad -- La escuela responsable -- La persona instruida Productividad sociedad escuela.
526 _aP202
526 _aP201
526 _aP163
526 _aP162
526 _aP161
526 _aP160
526 _aP148
526 _aP147
526 _aP146
526 _aP145
526 _aP144
526 _aP143
526 _aP142
526 _aP141
526 _aP140
526 _aP139
526 _aP138
526 _aP137
526 _aP136
526 _aP135
526 _aP134
526 _aP133
526 _aP129
526 _aP128
526 _aP127
526 _aP120
526 _aP119
526 _aP118
526 _aP116
526 _aP115
526 _aP114
526 _aP110
526 _aP109
526 _aP108
526 _aP104
526 _aP103
526 _aP102
526 _aP99
526 _aP98
526 _aP97
526 _aP96
526 _aP95
526 _aP93
526 _aP90
526 _aP89
526 _aP88
526 _aP83
526 _aP82
526 _aP62
526 _aP59
526 _aP58
526 _aP57
526 _aP51
526 _aP49
526 _aP48
526 _aP47
526 _aP29
526 _aP24
526 _aP20
526 _aP19
526 _aP17
526 _aP15
526 _aP14
526 _aP12
526 _aP10
526 _aP09
526 _aP08
526 _aP07
526 _aP06
526 _aP05
526 _aP04
526 _aP01
650 0 4 _aSOCIEDAD
_ySIGLO XXI.
910 _ajck
_bjvq
_cjck
942 _2ddc
_cBOOK
949 _a301.74 D96
_wDEWEY
_c1
_i40708
_lCCODEBUL1
_mBUL
_r0
_sY
_tBOOK
_u2015-6-16
_xFCE
_zUNKNOWN
_0COMPRA
_o.STAFF. Colección General
994 _aC0
_bPEPRU
596 _a1
999 _a301.74 D96
_wDEWEY
_c58490
_i40708
_f2021-11-4
_g6
_lCCODEBUL1
_mBUL
_r0
_sY
_tBOOK
_u2015-6-16
_xBIBLIOTECA
_zUNKNOWN
_0COMPRA
_o.STAFF. Colección General
_d58490
980 _81
_gALBERTO SANCHEZ Responsable de Automatización